<?xml version="1.0" encoding="UTF-8"?>
<collection xmlns="http://www.loc.gov/MARC21/slim">
 <record>
  <leader>00777nas a2200229   4500</leader>
  <controlfield tag="001">1/50551</controlfield>
  <controlfield tag="008">200715s20209999lu zrzp       0   z0eng  </controlfield>
  <datafield tag="022" ind1=" " ind2=" ">
   <subfield code="a">1026-6151</subfield>
  </datafield>
  <datafield tag="035" ind1=" " ind2=" ">
   <subfield code="l">52410</subfield>
  </datafield>
  <datafield tag="040" ind1=" " ind2=" ">
   <subfield code="a">GR-PeUP</subfield>
  </datafield>
  <datafield tag="090" ind1=" " ind2=" ">
   <subfield code="a">ΚΕΤ Αλφαβητική σειρά</subfield>
  </datafield>
  <datafield tag="245" ind1="0" ind2="0">
   <subfield code="a">Nature and Biodiversity Newsletter :</subfield>
   <subfield code="b">Natura 2000 .</subfield>
  </datafield>
  <datafield tag="260" ind1=" " ind2=" ">
   <subfield code="a">Luxemburg :</subfield>
   <subfield code="b">Publications Office of the European Union ,</subfield>
   <subfield code="c">2020 -</subfield>
  </datafield>
  <datafield tag="300" ind1=" " ind2=" ">
   <subfield code="a">τ. ;</subfield>
   <subfield code="b">30 εκ.</subfield>
  </datafield>
  <datafield tag="310" ind1=" " ind2=" ">
   <subfield code="a">2 φορές ετησίως.</subfield>
  </datafield>
  <datafield tag="362" ind1="0" ind2=" ">
   <subfield code="a">No. 47 (Feb. 2020)-</subfield>
  </datafield>
  <datafield tag="546" ind1=" " ind2=" ">
   <subfield code="a">Αγγλική.</subfield>
  </datafield>
  <datafield tag="650" ind1=" " ind2="4">
   <subfield code="a">Nature and nurture.</subfield>
  </datafield>
  <datafield tag="650" ind1=" " ind2="4">
   <subfield code="a">Biodiversity</subfield>
   <subfield code="z">European Union countries.</subfield>
  </datafield>
  <datafield tag="856" ind1="4" ind2="1">
   <subfield code="u">https://ec.europa.eu/environment/nature/info/pubs/natura2000nl_en.htm</subfield>
  </datafield>
  <datafield tag="950" ind1=" " ind2=" ">
   <subfield code="d">962</subfield>
  </datafield>
  <datafield tag="951" ind1=" " ind2=" ">
   <subfield code="a">No.47 ( February 2020)</subfield>
   <subfield code="b">Main run</subfield>
  </datafield>
 </record>
</collection>
